000 00878nam a22002777a 4500
001 BR6700395
003 BR-BrBNA
005 20230928083456.0
007 ta
008 230509b bl.||||| |||| 00| 0 por d
040 _aBR-BrBNA
_bpor
_cBiblioteca Nacional de Agricultura
041 _a(Por)
072 _aD50; D10; E70
_b/G514
090 _ D50 BR6700395
110 1 _aSubsecretaria de Planejamento e Orcamento, Brasilia, DF (Brasil)
245 1 _aOrganograma. Decreto de Estrutura Basica. Decreto do Sistema Nacional de Agricultura e Abastecimento [administracao publica, Brasil]
260 3 _aBrasilia, DF (Brasil):
_c[nd].
300 _a19 p.
500 _aPublished after 1967
650 _aDECRETO
650 _aADMINISTRACAO PUBLICA
650 _aADMINISTRACAO AGRICOLA
650 _aABASTECIMENTO
909 _a202309
_bLucia
_c55
_dLucia Elande
942 _cBK
999 _c13684
_d13684